O gosudarstvennoj programme konversii oboronnoj promyšlennosti.

Analýza jednotlivých vojenských výrob v ZSSR a ich nahrádzanie civilnou výrobou. Charakteristiky základných cieľov programov rozvoja civilného letectva, lodiarstva, využitia kozmického výskumu, rozvoja spojov, výroby spotrebných tovarov, technológie pre potravinárstvo, výroby medicínskej techniky a...

Description complète

Enregistré dans:
Détails bibliographiques
Auteur principal: Kotov, V.
Format: Chapitre de livre
Langue:russe
Sujets:
Tags: Ajouter un tag
Pas de tags, Soyez le premier à ajouter un tag!

MARC

LEADER 00000naa a2200000 4500
001 r004019
005 20221208123024.6
041 0 |a rus 
044 |a [SU] 
245 1 0 |a O gosudarstvennoj programme konversii oboronnoj promyšlennosti.  |c V. Kotov 
520 |a Analýza jednotlivých vojenských výrob v ZSSR a ich nahrádzanie civilnou výrobou. Charakteristiky základných cieľov programov rozvoja civilného letectva, lodiarstva, využitia kozmického výskumu, rozvoja spojov, výroby spotrebných tovarov, technológie pre potravinárstvo, výroby medicínskej techniky a i. 
610 2 0 |a programy vládne 
610 2 0 |a konverzia priemyslu 
610 2 0 |a priemysel zbrojársky 
610 2 0 |a programy rozvojové 
610 2 0 |a priemysel letecký 
610 2 0 |a potravinárstvo 
610 2 0 |a technológia výroby 
610 2 0 |a spoje 
610 2 0 |a priemysel spotrebný 
100 1 |a Kotov, V.